Biblioteca

Líderes de la Iglesia Luterana de Latinoamérica se pronuncian en lo referente a la deuda externa ilegítima de nuestros países (Registro nro. 62624)

Detalles MARC
000 -LÍDER
Campo fijo de descripción fija 005790000a22001090004500
245 10 - TÍTULO
Título del Material Líderes de la Iglesia Luterana de Latinoamérica se pronuncian en lo referente a la deuda externa ilegítima de nuestros países
300 ## - DESCRIPCIÓN FÍSICA
Extensión Vol.0, núm.3 (2008), Página 1
500 ## - NOTA GENERAL
Nota General La conferencia de Liderazgo que reunió a Iglesias miembro de la FLM en América Latina, contó con la participación del Dr. Ishmael Noko quien es el Secretario General de la federación Luterana Mundial.
650 14 - ASIENTO SECUNDARIO DE MATERIA - TERMINO TEMÁTICO
Término temático o nombre geográfico como elemento de entrada DEUDA EXTERNA-LATINOAMERICA
773 0# - HOST ITEM ENTRY
Title La Voz Luterana de Colombia
942 ## - TIPO DE MATERIAL (KOHA)
Tipo de Item KOHA Artículos de Revista
Existencias
Estado de Material Estado de Perdido Estado de Dañado No para Préstamo Colección Biblioteca de Origen Biblioteca Permanente Fecha de Adquisición Total de Préstamos Signatura Topográfica Última vez visto Fecha de Remplazo Tipo de Material
        Colección de Hemeroteca Biblioteca FUSBC Biblioteca FUSBC 26/01/2016   26/01/2016 26/01/2016 Artículos de Revista

Biblioteca FUSBC | Teléfono: (57+4) 349 88 10 Ext. 141| WhatsApp (+57) 3005338115 
E-mail: biblioteca@unisbc.edu.co | Calle 76 87-14 Robledo Palenque, Medellín, Colombia

Con tecnología Koha